Bàn về quyền tự do liên kết tại Hoa Kỳ /
Αποθηκεύτηκε σε:
| Κύριος συγγραφέας: | |
|---|---|
| Μορφή: | Άρθρο |
| Γλώσσα: | Vietnamese |
| Θέματα: | |
| Ετικέτες: |
Προσθήκη ετικέτας
Δεν υπάρχουν, Καταχωρήστε ετικέτα πρώτοι!
|
| Thư viện lưu trữ: | Thư viện Trường Đại học Đà Lạt |
|---|
| LEADER | 00712nam a2200253 4500 | ||
|---|---|---|---|
| 001 | DLU210195879 | ||
| 005 | ##20210323 | ||
| 040 | # | # | |a DLU |b vie |
| 041 | # | # | |a vie |
| 044 | # | # | |a vn |
| 100 | # | # | |a Nguyễn Bình An. |
| 245 | # | # | |a Bàn về quyền tự do liên kết tại Hoa Kỳ / |c Nguyễn Bình An. |
| 653 | # | # | |a Hoa Kỳ |
| 653 | # | # | |a ILO |
| 653 | # | # | |a Quyền tự do liên kết |
| 773 | # | # | |t Nghề luật |g Số 1, 2016, tr. 90-92 |
| 920 | # | # | |a Phòng Tạp chí -- Trung tâm Thông tin - Thư viện Trường Đại học Đà Lạt |
| 900 | # | # | |a True |
| 911 | # | # | |a Nguyễn Thị Thu Phương |
| 925 | # | # | |a G |
| 926 | # | # | |a A |
| 927 | # | # | |a BB |
| 980 | # | # | |a Thư viện Trường Đại học Đà Lạt |